Des bonbons ou un sort ! - Statistiques

Statistiques générales
  • Ce quiz a été pris 2 386 fois
  • Le résultat moyen est 10 sur 15
Statistiques - réponses
Par images Réponse % Correct
Réglisse
98%
Sucette
96%
Dragibus
95%
Nougat
88%
Caramel
84%
Sucre d'orge
78%
Fraise Tagada
77%
Guimauve
73%
Petit Ourson
71%
Dragée
50%
Bêtise
46%
Calisson
39%
Violette
33%
Praline
30%
Roudoudou
24%
Aucun quiz correspondant
Distribution des résultats
% des personnes avec chaque résultat
Percentile par nombre de réponses
Votre historique - résultats
Vous n’avez pas pris ce quiz